00546nam a22002057a 450000500170000001000110001702000100002803500110003803700160004904000120006508200130007710000190009024500490010926000380015827000280019630000290022450000190025365000260027265000420029820170124110114.0 a145469 c00.00 a145469 bCen Lib/Ret aDPLbEN a902bLAT aLatham, Ronald aIn quest of civilization /cby Ronald Latham aLondonbJarrolds Publishersc1770 a47 Prince Gate, S. W. I a336p. : c22cm(Hb)bill. aIncludes index aCivilization, Ancient aCivilization, Ancient--Historiography